[Event "CCOL12 prel corr"]
[Site "Corr"]
[Date "1992.??.??"]
[Round "?"]
[White "Ruefenacht, Matthias"]
[Black "Volchok, Alexander S"]
[Result "1/2-1/2"]
[WhiteElo "2570"]
[BlackElo "2615"]
[PlyCount "67"]
[EventDate "1992.??.??"]
[Source "www.chesslib.no"]
[SourceDate "2004.05.04"]

1. e4 e5 2. f4 exf4 3. Nf3 g5 4. h4 g4 5. Ne5 d6 6. Nxg4 Nf6 7. Nxf6+ Qxf6 8. Nc3 Be6 9. Qe2 Nd7 10. b3 Rg8 11. Bb2 Bg4 12. Qf2 d5 13. Be2 Bc5 14. Qf1 Bxe2 15. Qxe2 O-O-O 16. O-O-O dxe4 17. Nxe4 Qg6 18. Qc4 Nb6 19. Qxc5 Qxe4 20. Rhe1 Qd5 21. Qf2 Rg4 22. Qf3 Qxf3 23. gxf3 Rg3 24. Bf6 Rf8 25. c4 Nd7 26. Bg5 f6 27. Bxf4 Rxf3 28. Bh6 Rg8 29. Re7 Rh3 30. Rde1 Nc5 31. R1e3 Rxh4 32. Rxh7 Ne4 33. Rf7 Rd8 34. Re2 1/2-1/2

[Event "Aars get2net Cup GM"]
[Site "Aars"]
[Date "1999.10.24"]
[Round "9"]
[White "Fedorov, Alexei"]
[Black "Pedersen, Steffen"]
[Result "1/2-1/2"]
[WhiteElo "2659"]
[BlackElo "2427"]
[PlyCount "46"]
[EventDate "1999.10.18"]
[Source "ChessBase"]
[SourceDate "2000.02.01"]

1. e4 e5 2. f4 exf4 3. Nf3 g5 4. h4 g4 5. Ne5 d6 6. Nxg4 Nf6 7. Nf2 Rg8 8. d4 Bh6 9. Nc3 Nc6 10. Nd5 Nxd5 11. exd5 Ne7 12. Qe2 Kf8 13. g4 Nxd5 14. g5 Bf5 15. Bd2 Qd7 16. O-O-O Re8 17. Qf3 Qa4 18. Bd3 Qxa2 19. c3 Bg6 20. Ne4 Nb6 21. Rde1 Na4 22. Nf6 Qxb2+ 23. Kd1 Qb3+ 1/2-1/2

[Event "Aars get2net Cup GM"]
[Site "Aars"]
[Date "1999.10.19"]
[Round "4"]
[White "Fedorov, Alexei"]
[Black "Holst, Allan"]
[Result "1-0"]
[WhiteElo "2659"]
[BlackElo "2406"]
[PlyCount "45"]
[EventDate "1999.10.18"]
[Source "ChessBase"]
[SourceDate "2000.02.01"]

1. e4 e5 2. f4 exf4 3. Nf3 g5 4. h4 g4 5. Ne5 d6 6. Nxg4 Nf6 7. Nf2 Rg8 8. d4 Bh6 9. Nc3 Nc6 10. Nd5 Nxd5 11. exd5 Ne7 12. Qe2 c6 13. Bd2 f3 14. gxf3 Bxd2+ 15. Kxd2 cxd5 16. Re1 Kf8 17. Kc1 Nf5 18. Qd2 Qf6 19. Ng4 Qxd4 20. Bd3 h5 21. Nh6 Rg2 22. Nxf5 Rxd2 23. Nxd4 1-0

[Event "Barcelona"]
[Site "?"]
[Date "1990.??.??"]
[Round "?"]
[White "de la Villa Garcia, J."]
[Black "Fernandez Garcia, J."]
[Result "1/2-1/2"]
[WhiteElo "2475"]
[BlackElo "2500"]
[PlyCount "67"]
[EventDate "1990.??.??"]
[Source "ChessBase"]
[SourceDate "1990.07.01"]

1. e4 e5 2. f4 exf4 3. Nf3 g5 4. h4 g4 5. Ne5 d6 6. Nxg4 Nf6 7. Nxf6+ Qxf6 8. Nc3 Be6 9. Qe2 Nd7 10. b3 Rg8 11. Bb2 Bg4 12. Qf2 d5 13. Be2 Bc5 14. Qf1 Bxe2 15. Qxe2 O-O-O 16. O-O-O dxe4 17. Nxe4 Qg6 18. Qc4 Nb6 19. Qxc5 Qxe4 20. Rhe1 Qd5 21. Qf2 Rg4 22. Qf3 Qxf3 23. gxf3 Rg3 24. Bf6 Rf8 25. Bg5 Nd5 26. c4 Nb4 27. Kb1 Nd3 28. Re7 Rxf3 29. Bh6 Rd8 30. Rxf7 Rd7 31. Rf8+ Rd8 32. Rf7 Rd7 33. Rf8+ Rd8 34. Rf7 1/2-1/2

[Event "USSR Tch-9 corr"]
[Site "USSR Tch-9 corr"]
[Date "1988.??.??"]
[Round "?"]
[White "Bangiev, Alexander J"]
[Black "Borisov, Veniamin Ivanovich"]
[Result "1-0"]
[WhiteElo "2445"]
[BlackElo "2490"]
[PlyCount "67"]
[EventDate "1988.??.??"]
[Source "www.chesslib.no"]
[SourceDate "2004.05.04"]

1. e4 e5 2. f4 exf4 3. Nf3 g5 4. h4 g4 5. Ne5 d6 6. Nxg4 Nf6 7. Nxf6+ Qxf6 8. Nc3 c6 9. Be2 Na6 10. Bf3 Bd7 11. d4 O-O-O 12. Qd2 Bh6 13. Qf2 Bg7 14. Ne2 Nb4 15. Kd1 Bh6 16. Bd2 c5 17. Bc3 Qe7 18. d5 Kb8 19. a3 Na6 20. Re1 Rhe8 21. Ng1 Nc7 22. a4 Qf8 23. Nh3 f5 24. e5 dxe5 25. Bxe5 Rxe5 26. Rxe5 Bg7 27. Re2 Bxb2 28. Rb1 Bd4 29. Qe1 Bxa4 30. Nxf4 Bd7 31. Re7 Bc8 32. Rxc7 Kxc7 33. Qa5+ Kb8 34. Ne6 1-0

[Event "Salamanca"]
[Site "Salamanca"]
[Date "1990.??.??"]
[Round "3"]
[White "De la Villa Garcia, Jesus Maria"]
[Black "Fernandez Garcia, Jose Luis"]
[Result "1/2-1/2"]
[WhiteElo "2450"]
[BlackElo "2470"]
[PlyCount "59"]
[EventDate "1990.02.??"]
[Source "ChessBase"]

1. e4 e5 2. f4 exf4 3. Nf3 g5 4. h4 g4 5. Ne5 d6 6. Nxg4 Nf6 7. Nxf6+ Qxf6 8. Nc3 Be6 9. Qf3 Rg8 10. Qf2 Nc6 11. Bb5 O-O-O 12. Bxc6 bxc6 13. d3 Bh6 14. Rf1 Rg4 15. g3 Qg7 16. Bxf4 Bxf4 17. gxf4 Rg2 18. Qe3 Bg4 19. Rf2 Rg1+ 20. Rf1 Rxf1+ 21. Kxf1 Rg8 22. Ke1 Bh5 23. Qh3+ Qg4 24. Qxg4+ Rxg4 25. Kf2 Rxf4+ 26. Kg3 Rf3+ 27. Kg2 Rf4 28. Kg3 Rf3+ 29. Kg2 Rf4 30. Kg3 1/2-1/2

[Event "Ljubljana"]
[Site "Ljubljana"]
[Date "1997.??.??"]
[Round "2"]
[White "Barle, Janez"]
[Black "Pavasovic, Dusko"]
[Result "1/2-1/2"]
[WhiteElo "2450"]
[BlackElo "2460"]
[PlyCount "25"]
[EventDate "1997.05.20"]
[Source "ChessBase"]
[SourceDate "1997.07.29"]

1. e4 e5 2. f4 exf4 3. Nf3 g5 4. h4 g4 5. Ne5 d6 6. Nxg4 Nf6 7. Nxf6+ Qxf6 8. Nc3 Nc6 9. Nd5 Qg6 10. d3 Qg3+ 11. Kd2 Be6 12. Nxc7+ Kd7 13. Nxe6 1/2-1/2

[Event "Capablanca mem-B"]
[Site "Cuba"]
[Date "1993.??.??"]
[Round "6"]
[White "Sanchez Almeyra, Jorge"]
[Black "Arencibia, Walter"]
[Result "0-1"]
[WhiteElo "2415"]
[BlackElo "2490"]
[PlyCount "64"]
[EventDate "1993.??.??"]
[Source "ChessBase"]

1. e4 e5 2. f4 exf4 3. Nf3 g5 4. h4 g4 5. Ne5 d6 6. Nxg4 Nf6 7. Nxf6+ Qxf6 8. Nc3 c6 9. b3 Nd7 10. Bb2 Ne5 11. d4 Ng4 12. Qd3 Rg8 13. Nd1 d5 14. Be2 Be6 15. e5 Qh6 16. Bc1 f6 17. exf6 Qxf6 18. O-O Bf5 19. Rxf4 Qxh4 20. Bxg4 Bxd3 21. Bd7+ Kxd7 22. Rxh4 Bxc2 23. Bf4 Be7 24. Rh6 Raf8 25. Ne3 Be4 26. Rf1 Bf6 27. Rd1 Kc8 28. Rh3 Bxd4 29. Rxd4 Rxf4 30. Rxh7 Rf3 31. Rh8 Rxh8 32. gxf3 Bxf3 0-1

[Event "Andorra op"]
[Site "Andorra"]
[Date "1997.??.??"]
[Round "9"]
[White "Renet, Olivier"]
[Black "Boudre, Jean Pierre"]
[Result "1-0"]
[WhiteElo "2505"]
[BlackElo "2400"]
[PlyCount "121"]
[EventDate "1997.07.??"]
[Source "ChessBase"]
[SourceDate "1997.07.29"]

1. e4 e5 2. f4 exf4 3. Nf3 g5 4. h4 g4 5. Ne5 d6 6. Nxg4 Nf6 7. Nxf6+ Qxf6 8. Nc3 Be6 9. Qe2 Nd7 10. Qf2 Bh6 11. d4 Rg8 12. Bd2 a6 13. O-O-O O-O-O 14. Re1 c5 15. e5 dxe5 16. dxe5 Nxe5 17. Ne4 Qf5 18. Ng5 f3 19. Qxc5+ Nc6 20. Qxf5 Bxf5 21. Nxf3 Bxd2+ 22. Nxd2 Nb4 23. Re5 Nxa2+ 24. Kd1 Bg4+ 25. Be2 Be6 26. Bf3 Nb4 27. Rf1 Nc6 28. Rc5 Kc7 29. Kc1 Kb6 30. Rg5 Rxg5 31. hxg5 Nd4 32. Bh5 Rd7 33. Rf6 Kc7 34. b3 b6 35. Kb2 Nf5 36. Ne4 Ne3 37. Bf3 Nd5 38. Rh6 Ne3 39. Ng3 b5 40. Rxh7 b4 41. Kc1 a5 42. Rh1 Bd5 43. Ne4 Bxe4 44. Bxe4 Rd4 45. Bf3 Kd6 46. Rh6+ Ke5 47. g6 fxg6 48. Rxg6 Kf4 49. Re6 Nf5 50. Ra6 Nh4 51. Ba8 Kg3 52. Rxa5 Rg4 53. Rc5 Rg8 54. Bb7 Nxg2 55. Bxg2 Kxg2 56. Rc4 Rb8 57. c3 bxc3 58. Kc2 Kf3 59. Kxc3 Ke3 60. b4 Rb7 61. Rc5 1-0

[Event "Corr"]
[Site "?"]
[Date "2002.03.01"]
[Round "?"]
[White "Buessing Olaf (GER)"]
[Black "Haufe Werner (GER)"]
[Result "1-0"]
[WhiteElo "2420"]
[BlackElo "2463"]
[PlyCount "43"]
[EventDate "2002.??.??"]
[Source "www.chesslib.no"]
[SourceDate "2004.05.04"]

1. e4 e5 2. f4 exf4 3. Nf3 g5 4. h4 g4 5. Ne5 d6 6. Nxg4 Nf6 7. Nxf6+ Qxf6 8. Nc3 c6 9. Be2 Na6 10. Bf3 Bd7 11. d4 O-O-O 12. Qd2 Bh6 13. Qf2 Qg7 14. Bd2 f5 15. O-O-O fxe4 16. Nxe4 d5 17. Ng5 Rhf8 18. Rde1 Bxg5 19. hxg5 Nc7 20. Re5 Rf5 21. Rh4 Rdf8 22. Re1 1-0

[Event "LADAC"]
[Site "?"]
[Date "1999.11.01"]
[Round "?"]
[White "Fraser Fred J.L.(ENG)"]
[Black "Magallon Minguez Antonio (ESP"]
[Result "1/2-1/2"]
[WhiteElo "2420"]
[BlackElo "2461"]
[PlyCount "42"]
[EventDate "1999.??.??"]
[Source "www.chesslib.no"]
[SourceDate "2004.05.04"]

1. e4 e5 2. f4 exf4 3. Nf3 g5 4. h4 g4 5. Ne5 d6 6. Nxg4 Nf6 7. Nxf6+ Qxf6 8. Nc3 c6 9. Be2 Nd7 10. Bf3 Ne5 11. d4 Nxf3+ 12. gxf3 Rg8 13. Qd3 Bd7 14. Bd2 O-O-O 15. O-O-O Bh6 16. Rh2 Kb8 17. h5 Qe6 18. Kb1 f5 19. d5 Qe5 20. dxc6 Bxc6 21. exf5 Rgf8 1/2-1/2

[Event "Open 'Mediterraneo 2017'"]
[Site "Fiume CRO"]
[Date "2008.12.03"]
[Round "6.12"]
[White "Zelic, Mladen"]
[Black "Sulava, Nenad"]
[Result "0-1"]
[WhiteElo "2319"]
[BlackElo "2497"]
[PlyCount "76"]
[EventDate "2008.11.29"]
[Source "www.chesslib.no"]
[SourceDate "2004.05.04"]

1. e4 e5 2. f4 exf4 3. Nf3 g5 4. h4 g4 5. Ne5 d6 6. Nxg4 Nf6 7. Nxf6+ Qxf6 8. Nc3 Nc6 9. Bb5 Kd8 10. Bxc6 bxc6 11. Qf3 Rg8 12. d4 Bh6 13. Qf2 Rb8 14. b3 c5 15. Nd5 Qg6 16. Kf1 cxd4 17. h5 Qxe4 18. Nf6 Ba6+ 19. Kg1 Rxg2+ 20. Qxg2 Qe1+ 21. Kh2 Qh4+ 22. Qh3 Qxf6 23. Rg1 Rb5 24. Bd2 Qf5 25. Rg8+ Ke7 26. Re1+ Kd7 27. Rg4 Re5 28. Rh4 Qxh3+ 29. Kxh3 Bg5 30. Rg4 f6 31. Kg2 Ke6 32. Kg1 Kf5 33. Rg2 f3 34. Rf2 Kg4 35. Kh2 Be3 36. Rg1+ Kf4 37. Rg7 Rxh5+ 38. Kg1 Rg5+ 0-1

[Event "BEL-chT 0102 playoff"]
[Site "Mechelen"]
[Date "2002.03.24"]
[Round "1"]
[White "Gommers, Ralf"]
[Black "Cuijpers, Frans Andre"]
[Result "0-1"]
[WhiteElo "2338"]
[BlackElo "2458"]
[PlyCount "92"]
[EventDate "2002.03.24"]
[Source "ChessBase"]
[SourceDate "2002.05.03"]

1. e4 e5 2. f4 exf4 3. Nf3 g5 4. h4 g4 5. Ne5 d6 6. Nxg4 Be7 7. Nf2 Bxh4 8. Qf3 Bg3 9. d4 Qg5 10. Nc3 Nf6 11. Bd3 Rg8 12. Ne2 Bg4 13. Bxf4 Bxf3 14. Bxg5 Bxe2 15. Bxf6 Bxd3 16. cxd3 Nd7 17. Bh4 Bxh4 18. Rxh4 Rxg2 19. Ke2 Nf8 20. Kf3 Rg6 21. Ng4 d5 22. Ne3 dxe4+ 23. dxe4 O-O-O 24. Nf5 Re8 25. Rc1 Kd7 26. Rf1 Ra6 27. a3 Rb6 28. Rf2 Rb3+ 29. Kg2 Re6 30. Nh6 Rg6+ 31. Kh1 f6 32. Nf5 Ke8 33. Rc2 Kd8 34. Rd2 Rg5 35. Kh2 h5 36. Rh3 Rxh3+ 37. Kxh3 Ng6 38. Rf2 Rg4 39. Ng3 Nf4+ 40. Kh2 Kd7 41. Nf1 Ne6 42. d5 Ng5 43. Rxf6 Rxe4 44. Ng3 Rh4+ 45. Kg2 Rg4 46. Kh2 Rxg3 0-1

[Event "Hotel Irottko IM"]
[Site "?"]
[Date "2000.06.24"]
[Round "4"]
[White "Grabics Monika"]
[Black "Krizsany Laszlo"]
[Result "1/2-1/2"]
[WhiteElo "2341"]
[BlackElo "2436"]
[PlyCount "35"]
[EventDate "2000.??.??"]
[Source "www.chesslib.no"]
[SourceDate "2004.05.04"]

1. e4 e5 2. f4 exf4 3. Nf3 g5 4. h4 g4 5. Ne5 d6 6. Nxg4 Nf6 7. Nxf6+ Qxf6 8. Nc3 Nc6 9. Bb5 a6 10. Bxc6+ bxc6 11. Qf3 Rg8 12. d3 Bh6 13. Qf2 Rb8 14. Ne2 Bg4 15. Nxf4 Bxf4 16. Qxf4 Qxf4 17. Bxf4 Rxb2 18. Kd2 1/2-1/2

[Event "Corr"]
[Site "?"]
[Date "2000.??.??"]
[Round "?"]
[White "Asquith Jerry E.C"]
[Black "Marin Solano Jesus"]
[Result "1/2-1/2"]
[WhiteElo "2353"]
[BlackElo "2411"]
[PlyCount "43"]
[EventDate "2000.??.??"]
[Source "www.chesslib.no"]
[SourceDate "2004.05.04"]

1. e4 e5 2. f4 exf4 3. Nf3 g5 4. h4 g4 5. Ne5 d6 6. Nxg4 Nf6 7. Nxf6+ Qxf6 8. Nc3 Nc6 9. Bb5 a6 10. Nd5 Qg6 11. O-O Kd8 12. Bxc6 bxc6 13. Nxf4 Qxe4 14. c3 Rg8 15. d3 Qe8 16. Nh5 Bg4 17. Nf6 Bxd1 18. Nxe8 Kxe8 19. Rxd1 Be7 20. Re1 Kd7 21. Rf1 Rg7 22. Bh6 1/2-1/2

[Event "Wichern Open 3rd"]
[Site "Hamburg GER"]
[Date "1995.??.??"]
[Round "1"]
[White "Gallagher, Joseph G"]
[Black "Neffe, Axel"]
[Result "1-0"]
[WhiteElo "2515"]
[BlackElo "2245"]
[PlyCount "117"]
[EventDate "1995.09.??"]
[Source "www.chesslib.no"]
[SourceDate "2004.05.04"]

1. e4 e5 2. f4 exf4 3. Nf3 g5 4. h4 g4 5. Ne5 d6 6. Nxg4 Be7 7. Qf3 Bxh4+ 8. Nf2 Qg5 9. d4 Bg3 10. Nc3 Nf6 11. Bd3 Rg8 12. Kf1 Nc6 13. Ne2 Bg4 14. Nxg4 Qxg4 15. c3 O-O-O 16. Qxg4+ Nxg4 17. Bxf4 Bxf4 18. Nxf4 Rg7 19. Ke2 Re8 20. Kf3 Ne7 21. Rae1 Nf6 22. e5 dxe5 23. Rxe5 Ng6 24. Rxe8+ Nxe8 25. Nh5 Rg8 26. g3 Kd8 27. Re1 Rf8 28. Kg2 Rg8 29. Kf3 Rf8 30. b4 Rh8 31. a4 Rf8 32. a5 Rh8 33. Kg2 Rg8 34. Kf3 Rh8 35. Re2 Rf8 36. Bc2 Rh8 37. Ba4 Nd6 38. Nf6 h5 39. Rh2 h4 40. g4 Ne7 41. g5 Ng8 42. Nxg8 Rxg8 43. Kf4 Rh8 44. Bc2 h3 45. Bd3 Nc8 46. Kg4 Ne7 47. Be4 Rg8 48. Kf4 Rh8 49. Bxb7 Ng6+ 50. Kg3 Rh5 51. Kg4 Rh4+ 52. Kg3 Rh5 53. Rxh3 Rxg5+ 54. Kf3 Rg1 55. Be4 Rc1 56. Ke2 Rg1 57. Bxg6 fxg6 58. Rh8+ Kd7 59. Ra8 1-0

[Event "9th Ivan Cvitanovic Mem"]
[Site "Split"]
[Date "2004.05.03"]
[Round "3"]
[White "Zelic, Mladen"]
[Black "Zaja, Ivan"]
[Result "0-1"]
[WhiteElo "2316"]
[BlackElo "2439"]
[PlyCount "44"]
[EventDate "2004.05.01"]
[Source "Roberto Alvarez"]
[SourceDate "2004.05.10"]

1. e4 e5 2. f4 exf4 3. Nf3 g5 4. h4 g4 5. Ne5 d6 6. Nxg4 Be7 7. Bc4 Bxh4+ 8. Kf1 h5 9. Nh2 Bg3 10. d4 Qh4 11. Nc3 Nf6 12. Kg1 Bf2+ 13. Kf1 Nc6 14. Ne2 f3 15. Nf4 Bxd4 16. Qxf3 Bg4 17. Nxg4 Qxh1+ 18. Ke2 hxg4 19. Bxf7+ Kxf7 20. Qb3+ d5 21. Qxb7 Rae8 22. Be3 Rxe4 0-1

[Event "Oslo OSS"]
[Site "Oslo"]
[Date "2002.01.16"]
[Round "5"]
[White "Westerinen, Heikki MJ"]
[Black "Bae, Torstein"]
[Result "0-1"]
[WhiteElo "2412"]
[BlackElo "2318"]
[PlyCount "70"]
[EventDate "2002.01.13"]
[Source "ChessBase"]
[SourceDate "2002.03.14"]

1. e4 e5 2. f4 exf4 3. Nf3 g5 4. h4 g4 5. Ne5 d6 6. Nxg4 Nf6 7. Nxf6+ Qxf6 8. Nc3 Nc6 9. Bb5 Kd8 10. Bxc6 bxc6 11. d3 Rg8 12. Qf3 Bh6 13. Qf2 Rb8 14. Ne2 Rxb2 15. Bxb2 Qxb2 16. Qd4 Qxc2 17. Rc1 Qxa2 18. Qa1 Qxa1 19. Rxa1 Rxg2 20. Rf1 Bh3 21. Rg1 f3 22. Rxg2 Bxg2 23. Nc3 Bg7 24. Ra3 Bf6 25. Nd1 Bxh4+ 26. Nf2 Bg3 27. Rxa7 h5 28. Ra8+ Ke7 29. Rg8 h4 30. Rg4 c5 31. Rg8 Kf6 32. Re8 Kg7 33. e5 dxe5 34. Kd2 Bxf2 35. Rxe5 h3 0-1

[Event "Madrid-B"]
[Site "Madrid ESP"]
[Date "1993.??.??"]
[Round "?"]
[White "Gallego Jimenez, Victoriano"]
[Black "Roa Alonso, Santiago"]
[Result "1-0"]
[WhiteElo "2375"]
[BlackElo "2330"]
[PlyCount "77"]
[EventDate "1993.06.??"]
[Source "www.chesslib.no"]
[SourceDate "2004.05.04"]

1. e4 e5 2. f4 exf4 3. Nf3 g5 4. h4 g4 5. Ne5 d6 6. Nxg4 Nf6 7. Nxf6+ Qxf6 8. Nc3 c6 9. d4 Rg8 10. e5 dxe5 11. Qe2 Bg4 12. Qxe5+ Qxe5+ 13. dxe5 Nd7 14. Bxf4 O-O-O 15. Ne4 Bf5 16. Bd3 Rxg2 17. Nd6+ Bxd6 18. Bxf5 Bc5 19. Rf1 Re8 20. O-O-O Re6 21. Rf3 Be7 22. Bxe6 fxe6 23. Rg3 Rxg3 24. Bxg3 Kd8 25. Rf1 Ke8 26. Kd2 h5 27. b3 Nf8 28. Ke3 Ng6 29. Ke4 Nf8 30. c3 Ng6 31. a4 Nf8 32. b4 Nd7 33. Bf2 a6 34. Rh1 Nf8 35. Bc5 Bd8 36. Bxf8 Kxf8 37. Rd1 Ke8 38. Rxd8+ Kxd8 39. Kf4 1-0

[Event "Kassel op"]
[Site "Kassel"]
[Date "1998.??.??"]
[Round "7"]
[White "Rechel, Bernd"]
[Black "Schlange, Stefan"]
[Result "1-0"]
[WhiteElo "2395"]
[BlackElo "2290"]
[PlyCount "55"]
[EventDate "1998.??.??"]
[Source "www.chesslib.no"]
[SourceDate "2004.05.04"]

1. e4 e5 2. f4 exf4 3. Nf3 g5 4. h4 g4 5. Ne5 d6 6. Nxg4 Be7 7. d4 Bxh4+ 8. Nf2 Qg5 9. Qf3 Bg3 10. Nc3 Nc6 11. Ne2 Bg4 12. Qxg3 fxg3 13. Bxg5 gxf2+ 14. Kxf2 Bxe2 15. Bxe2 Nxd4 16. Bd3 Ne6 17. Bd2 Nf6 18. Rh4 Rg8 19. Bc3 Ng4+ 20. Kg1 Ne3 21. Rh2 Nf4 22. Bd2 Nxd3 23. cxd3 Nc2 24. Rf1 Rg7 25. Bc3 f6 26. Rxf6 O-O-O 27. Rf2 Rxg2+ 28. Rfxg2 1-0

[Event "Vadsø"]
[Site "?"]
[Date "2002.08.30"]
[Round "1"]
[White "Salthe Gaute"]
[Black "Agdestein Simen"]
[Result "0-1"]
[WhiteElo "2111"]
[BlackElo "2572"]
[PlyCount "22"]
[EventDate "2002.??.??"]
[Source "www.chesslib.no"]
[SourceDate "2004.05.04"]

1. e4 e5 2. f4 exf4 3. Nf3 g5 4. h4 g4 5. Ne5 d6 6. Nxg4 Nf6 7. Nf2 Rg8 8. Qf3 Rg3 9. Qe2 Nc6 10. c3 Bh6 11. d4 f3 0-1

[Event "BEL-chT 2003-4"]
[Site "Belgium"]
[Date "2003.12.08"]
[Round "4"]
[White "Gommers, Ralf"]
[Black "Geenen, Marc"]
[Result "1-0"]
[WhiteElo "2347"]
[BlackElo "2331"]
[PlyCount "54"]
[EventDate "2003.10.05"]
[Source "Roberto Alvarez"]
[SourceDate "2003.12.08"]

1. e4 e5 2. f4 exf4 3. Nf3 g5 4. h4 g4 5. Ne5 d6 6. Nxg4 Nf6 7. Nxf6+ Qxf6 8. Nc3 Nc6 9. Bb5 a6 10. Nd5 Qg6 11. O-O axb5 12. Nxc7+ Kd8 13. Nxa8 Bg4 14. Qe1 Nd4 15. d3 Bf3 16. Qa5+ Ke8 17. Nc7+ Kd7 18. Rf2 Rg8 19. Nd5 Ne6 20. Qxb5+ Kd8 21. Qa5+ Kd7 22. Qa4+ Kd8 23. Qa8+ Kd7 24. Qxb7+ Ke8 25. Qc8+ Nd8 26. Bxf4 h6 27. g3 Be7 1-0

[Event "CZE-chJM U16"]
[Site "Hradec Kralove"]
[Date "1997.??.??"]
[Round "7"]
[White "Bednar, Jaromir"]
[Black "Schwarz, Michael"]
[Result "1-0"]
[WhiteElo "2230"]
[BlackElo "2395"]
[PlyCount "35"]
[EventDate "1997.??.??"]
[Source "www.chesslib.no"]
[SourceDate "2004.05.04"]

1. e4 e5 2. f4 exf4 3. Nf3 g5 4. h4 g4 5. Ne5 d6 6. Nxg4 Nf6 7. Nf2 h5 8. d4 Bh6 9. Nc3 Ng4 10. Nd3 Ne3 11. Bxe3 fxe3 12. Be2 Rg8 13. Bxh5 Rxg2 14. Bxf7+ Kxf7 15. Qf3+ Qf6 16. Qxg2 Qxd4 17. Rf1+ Ke7 18. Nd5+ 1-0

[Event "SLO Team Ch"]
[Site "Slovenia"]
[Date "1993.??.??"]
[Round "?"]
[White "Barle, Janez"]
[Black "Pesec, Franc"]
[Result "1/2-1/2"]
[WhiteElo "2435"]
[BlackElo "2185"]
[PlyCount "89"]
[EventDate "1993.??.??"]
[Source "www.chesslib.no"]
[SourceDate "2004.05.04"]

1. e4 e5 2. f4 exf4 3. Nf3 g5 4. h4 g4 5. Ne5 d6 6. Nxg4 Be7 7. d4 Bxh4+ 8. Nf2 Bg3 9. Qf3 Qf6 10. Nc3 Qxd4 11. Bxf4 Bxf2+ 12. Qxf2 Qxf2+ 13. Kxf2 Nf6 14. Be2 Be6 15. e5 dxe5 16. Bxe5 Nbd7 17. Bxc7 a6 18. Bf3 Ng4+ 19. Bxg4 Bxg4 20. Rae1+ Be6 21. Nd5 Rc8 22. Rh5 h6 23. Re3 Nf8 24. c3 Ng6 25. Bf4 Kf8 26. Bd6+ Kg7 27. Nf4 Bg4 28. Nxg6 Kxg6 29. Rd5 Rhe8 30. Be5 Red8 31. Rxd8 Rxd8 32. Bd4 h5 33. Re7 Rd7 34. Re8 Rd6 35. Rb8 Rd7 36. Kg3 Kf5 37. Re8 f6 38. Rf8 Rd6 39. Rf7 b5 40. Re7 Re6 41. Ra7 Ke4 42. Rf7 f5 43. Kh4 Kd3 44. Rf6 Rxf6 45. Bxf6 1/2-1/2

[Event "Berliner Sommer"]
[Site "Berlin GER"]
[Date "1994.??.??"]
[Round "?"]
[White "Pinkus, Lutz"]
[Black "Zsinka, Laszlo"]
[Result "0-1"]
[WhiteElo "2255"]
[BlackElo "2360"]
[PlyCount "88"]
[EventDate "1994.08.??"]
[Source "www.chesslib.no"]
[SourceDate "2004.05.04"]

1. e4 e5 2. f4 exf4 3. Nf3 g5 4. h4 g4 5. Ne5 d6 6. Nxg4 Nf6 7. Nxf6+ Qxf6 8. Nc3 c6 9. d4 Rg8 10. Qf3 Bh6 11. e5 dxe5 12. Ne4 Qe7 13. Bc4 Bg4 14. Qa3 exd4 15. Kf2 Qxe4 16. Re1 Be2 17. Qh3 Kd8 18. Rxe2 Qg6 19. Bd3 Qg7 20. Re4 Nd7 21. Bxf4 Nc5 22. Bh2 Nxe4+ 23. Bxe4 Be3+ 24. Kf1 Qg4 25. Bf5 Qxh3 26. Bxh3 Ke7 27. c3 c5 28. b4 b6 29. bxc5 bxc5 30. Rb1 Rg6 31. Rb7+ Kf8 32. cxd4 cxd4 33. Ke2 Rb6 34. Rd7 Re8 35. Kd3 Ra6 36. Bd6+ Kg8 37. a3 Rc6 38. Bb4 a6 39. Rd5 Rc1 40. Ra5 Rd1+ 41. Ke2 Rb1 42. Bd7 d3+ 43. Kf3 Rf1+ 44. Kg3 d2 0-1

[Event "Cardenas"]
[Site "Cardenas"]
[Date "1988.??.??"]
[Round "8"]
[White "Alonso, Rene"]
[Black "Calderin, Roberto"]
[Result "0-1"]
[WhiteElo "2325"]
[BlackElo "2280"]
[PlyCount "60"]
[EventDate "1988.??.??"]
[Source "www.chesslib.no"]
[SourceDate "2004.05.04"]

1. e4 e5 2. f4 exf4 3. Nf3 g5 4. h4 g4 5. Ne5 d6 6. Nxg4 Nf6 7. Nf2 Rg8 8. d4 Bh6 9. Nc3 Qe7 10. Nd3 Bg4 11. Be2 Bxe2 12. Qxe2 Nc6 13. e5 dxe5 14. dxe5 Nd4 15. exf6 Qxe2+ 16. Nxe2 Nxc2+ 17. Kd1 Nxa1 18. Bxf4 O-O-O 19. Kd2 Rg3 20. Nxg3 Bxf4+ 21. Kc3 Bxg3 22. h5 Rd5 23. Re1 Rxh5 24. Rf1 Rh2 25. Rf3 Rxg2 26. Re3 Bd6 27. Ne5 Bxe5+ 28. Rxe5 Rg8 29. Rh5 Rg6 30. Rxh7 Rxf6 0-1

[Event "New York Open"]
[Site "New York, NY USA"]
[Date "1993.??.??"]
[Round "6"]
[White "Yedidia, Jonathan"]
[Black "Shipman, Walter"]
[Result "0-1"]
[WhiteElo "2315"]
[BlackElo "2290"]
[PlyCount "66"]
[EventDate "1993.04.07"]
[Source "www.chesslib.no"]
[SourceDate "2004.05.04"]

1. e4 e5 2. f4 exf4 3. Nf3 g5 4. h4 g4 5. Ne5 d6 6. Nxg4 Be7 7. d4 Bxh4+ 8. Nf2 Qg5 9. Qf3 Nc6 10. c3 Bg3 11. Bd3 Nf6 12. Kf1 h5 13. Bd2 h4 14. Nh3 Bxh3 15. gxh3 O-O-O 16. Na3 Rhe8 17. Nc2 Re7 18. Rg1 Rde8 19. Re1 Qh5 20. Qxh5 Nxh5 21. Rd1 Nf6 22. Kg2 Nxe4 23. Kf3 Nxd2+ 24. Rxd2 Nd8 25. Bf5+ Kb8 26. Nb4 Re3+ 27. Kg4 Rg8+ 28. Kh5 f6 29. Nd5 Rg5+ 30. Kh6 Rxf5 31. Nxe3 fxe3 32. Re2 Rg5 33. Kh7 Bf2 0-1

[Event "Neubrandenburg op"]
[Site "Neubrandenburg"]
[Date "1998.05.09"]
[Round "5"]
[White "Jorgensen, Soren Berg"]
[Black "Stern, Rene"]
[Result "0-1"]
[WhiteElo "2105"]
[BlackElo "2495"]
[PlyCount "36"]
[EventDate "1998.05.07"]
[Source "ChessBase"]
[SourceDate "1998.09.09"]

1. e4 e5 2. f4 exf4 3. Nf3 g5 4. h4 g4 5. Ne5 d6 6. Nxg4 Be7 7. d4 Bxh4+ 8. Nf2 Qg5 9. Rxh4 Qxh4 10. Nc3 Nf6 11. Be2 Rg8 12. Kf1 Nc6 13. Nd5 Nxe4 14. Nxe4 Qh1+ 15. Kf2 Rxg2+ 16. Kf3 Bg4+ 17. Kxf4 Qh6+ 18. Ng5 Bxe2 0-1

[Event "RUS-chT1 (Women)"]
[Site "?"]
[Date "2002.??.??"]
[Round "4"]
[White "Vasilevich Irina"]
[Black "Zayac Elena"]
[Result "1/2-1/2"]
[WhiteElo "2257"]
[BlackElo "2317"]
[PlyCount "81"]
[EventDate "2002.??.??"]
[Source "www.chesslib.no"]
[SourceDate "2004.05.04"]

1. e4 e5 2. f4 exf4 3. Nf3 g5 4. h4 g4 5. Ne5 d6 6. Nxg4 Nf6 7. Nf2 Rg8 8. d4 Bh6 9. Nc3 Nc6 10. a3 Ng4 11. Nd5 Ne3 12. Qd3 Rg3 13. Bxe3 fxe3 14. Nd1 Be6 15. N1c3 Rg4 16. Be2 Rxh4 17. O-O-O Kd7 18. Kb1 Bg7 19. Rxh4 Qxh4 20. Qxe3 Re8 21. g3 Qd8 22. Nxc7 Kxc7 23. d5 Kb8 24. Nb5 a6 25. Nc3 Bd7 26. dxc6 Bxc6 27. Nd5 Be5 28. Qb3 Ka7 29. Rf1 f6 30. Rh1 Rg8 31. Rxh7 Rxg3 32. Bd3 Bxd5 33. Qxd5 Qb6 34. b4 Rg1+ 35. Ka2 Ra1+ 36. Kb3 Rb1+ 37. Ka4 Bb2 38. Kb3 Be5+ 39. Ka4 Ra1 40. Kb3 Rb1+ 41. Ka4 1/2-1/2

[Event "Serpukhov RUS"]
[Site "?"]
[Date "2003.02.27"]
[Round "8"]
[White "Vasilevich Irina"]
[Black "Zaiatz Elena"]
[Result "0-1"]
[WhiteElo "2233"]
[BlackElo "2331"]
[PlyCount "76"]
[EventDate "2003.??.??"]
[Source "www.chesslib.no"]
[SourceDate "2004.05.04"]

1. e4 e5 2. f4 exf4 3. Nf3 g5 4. h4 g4 5. Ne5 d6 6. Nxg4 Nf6 7. Nxf6+ Qxf6 8. Nc3 Nc6 9. d3 Be6 10. Qf3 Nd4 11. Qf2 Rg8 12. a4 a6 13. a5 Bh6 14. Ra4 c5 15. Kd1 Qg7 16. Bd2 f3 17. gxf3 Nxf3 18. Be3 Ne5 19. Be2 Bxe3 20. Qxe3 Qg2 21. Re1 Nc6 22. Bf3 Bg4 23. Bxg4 Rxg4 24. Nd5 O-O-O 25. Re2 Qh1+ 26. Kd2 Qxh4 27. Rf2 Rg3 28. Qf4 Qxf4+ 29. Rxf4 Rg2+ 30. Ke3 Nd4 31. Rxd4 cxd4+ 32. Kxd4 Rxc2 33. Rxf7 Rxb2 34. Rxh7 Kb8 35. Nb6 Rb5 36. Nc4 d5 37. exd5 Rbxd5+ 38. Kc3 Rxd3+ 0-1